000
00307nam a22001337a 4500
008
180921b xxu||||| |||| 00| 0 eng d
020
_a
0134487125
041
_a
eng
080
_a
810
100
_a
21
101
_a
GJL
245
_a
I always look up the word "E-gre-gious"
_c
Nurnberg,M
942
_2
udc
_c
BK
999
_c
48216
_d
48216